000 00932cam a22003013a 4500
001 6994
003 PGUSA
005 20140828083139.0
008 041101s2004||||xxu|||||s|||||000 1 eng d
040 _aPGUSA
_beng
042 _adc
050 4 _aPQ
100 1 _aHugo, Victor,
_d1802-1885
245 1 0 _aHan d'Islande
_h[electronic resource] /
_cVictor Hugo
260 _bProject Gutenberg,
_c2004
506 _aPublic domain in the USA.
516 _aElectronic text
653 _aMan-woman relationships -- Fiction
653 _aNorway -- History -- Christian IV, 1588-1648 -- Fiction
653 _aFriendship -- Fiction
653 _aPolitical prisoners -- Fiction
653 _aMurderers -- Fiction
653 _aChristian IV, King of Denmark and Norway, 1577-1648 -- Fiction
653 _aSuspense fiction
830 0 _aProject Gutenberg
_v6994
856 4 0 _uhttp://www.gutenberg.org/ebooks/6994
942 _cEB
999 _c236314
_d236314